000 00889nam a2200217Ia 4500
003 IN-BaIIA
008 211028s9999 xx 000 0 eng d
020 _a978-81-922926-9-4
040 _cIIA Library
080 _a082.2:52
_bASI-11
111 _aInternational Workshop on Stellar Spectral Libraries (IWSSL 2013)
_cRhone-Alpes, France
_d2013
_936172
245 0 _aProceedings of the international workshop on stellar spectral libraries (IWSSL 2013)
_bheld in Lyon, Rhone-Alpes, France, October 14 – 17, 2013
_cedited by H. P Singh, P. Prugniel and I. Vauglin
260 _aBengaluru
_bAstronomical Society of India
_c2014
300 _ax, 189p.
490 _aAstronomical Society of India conference series; v. 11
650 _aStellar spectra
_92838
700 _aPrugniel, P., ed.
_936173
700 _aSingh, H. P., ed.
_922911
700 _aVauglin, I., ed.
_936174
942 _cBK
999 _c18941
_d18941